| 000 | 00646nam a22001937a 4500 | ||
|---|---|---|---|
| 003 | UPN | ||
| 005 | 20250820194737.0 | ||
| 008 | 250820s2006 fr| |||frsr|| 101 0 spa d | ||
| 040 |
_aMX-MxUPN _bspa _cMX-MxUPN |
||
| 041 | _aspa | ||
| 050 |
_aTD204 E8 P76 _b2006 |
||
| 111 |
_aReunión del Consejo Intergubernamental, Programa Hidrológico Internacional (PHI) _cParís) _d3-7 julio de 2006 : _n(17a _957430 |
||
| 245 | _aInforme final | ||
| 260 |
_aParís : _bUNESCO, _c2006 |
||
| 300 | _a22 páginas, 5 anexos | ||
| 650 | 2 |
_aAbastecimiento de agua _xAspectos políticos _913967 |
|
| 902 | _aMaiella Martínez / 20082025 | ||
| 942 |
_2lcc _cFOLL _n0 |
||
| 999 |
_c213831 _d213831 |
||